000 00331 a2200145 4500
001 71054
020 _a9788569522782
040 _cAnchieta - Itaigara
100 _aDeuser Van, Felipe
240 1 0 _aRealidade alternativa
_lpor
245 1 0 _aRealidade alternativa
362 0 _a2018
650 4 _aFicção brasileira
942 _cBK
999 _c71054
_d71054